Дело по отношению сенатора Лопухина, об обозрении им губерний

Доступно только в Электронных читальных залах Найти на картеНа карте
RUSMARC
00003651nmc2a2200000 x 450
00102d065ae-7672-422f-9916-d06423d71fc7
00520170907114440.0
100##$a20141007l18061807k l0rusy0189 ca
1010#$arus
102##$aRU
2001#$aДело по отношению сенатора Лопухина, об обозрении им губерний
$j31 декабря 1806 г. - 28 февраля 1807 г.
251##$cДело
300##$aДело
801#0$aRU
$bРГИА
$c20141007
$gRCR
801#1$aRU
$bГлавНИВЦ
$c20141007
$2rusmarc
801#2$aRU
$bПБ им. Б.Н. Ельцина
$c20170907
$gRCR
$2rusmarc
850##$aРГИА
852##$aРГИА
$eФедеральное казенное учреждение "Российский государственный исторический архив" (РГИА)
$j297
937##$hРГИА
$d11681270
$aASBIBLIO_SCAN
462#0$1001be294987-8465-4f10-8ac6-8b4408505da9
$12001
$a1802-1810 гг. Дела Департамента полиции исполнительной МВД за 1806 г.
$1251
$cОпись
$1852
$j1
461#0$10013e300ed0-cd39-49af-8489-5ba5b90fa401
$12001
$aДепартамент полиции исполнительной МВД
$1251
$cФонд
$1852
$j1286
215##$a17 л.
$d36,5x26 см
371##$aДокумент не является опубликованным и широко распространяемым
105##$aу###
1222#$ad
035##$a02d065ae-7672-422f-9916-d06423d71fc7
856##$uhttp://readingroom.main.prlib.ru/item.aspx?id_node=n104098449&mode=full
Формат отображения